Globalizace světového hospodářství

Enregistré dans:
Détails bibliographiques
Auteur principal: Jeníček, Vladimír
Format: Livre
Langue:tchèque
Publié: Praha C.H. BECK 2002
Collection:Beckovy ekonomické učebnice
Sujets:
Tags: Ajouter un tag
Pas de tags, Soyez le premier à ajouter un tag!

MARC

LEADER 00000nam a2200000 4500
001 c144021
005 20240226134113.0
020 |a 80-7179-787-1 
041 0 |a cze 
044 |a CZ 
245 1 0 |a Globalizace světového hospodářství  |c Vladimír Jeníček 
264 1 |a Praha  |b C.H. BECK  |c 2002 
300 |a 152 s. 
490 1 |a Beckovy ekonomické učebnice 
830 0 |a Beckovy ekonomické učebnice 
610 2 0 |a globalizácia hospodárstva 
610 2 0 |a hospodárstvo svetové 
610 2 0 |a globalizácia 
610 2 0 |a liberalizácia 
610 2 0 |a obchod medzinárodný 
610 2 0 |a doprava 
610 2 0 |a korporácie transnacionálne 
610 2 0 |a cash flow 
610 2 0 |a pohyb síl pracovných medzinárodný 
610 2 0 |a rast hospodársky 
610 2 0 |a ekonomika nová 
610 2 0 |a porovnanie medzinárodné 
100 1 |a Jeníček, Vladimír